RC Celta de Vigo Current Squad - Statistics

General Stats
  • This quiz has been taken 23 times
    5 since last reset
  • The average score is 21 of 35
Answer Stats
# Position Nation Player Name % Correct
8 MF Spain Fran Beltrán
100%
10 FW Spain Iago Aspas
100%
6 MF Guinea Ilaix Moriba
100%
13 GK Romania Ionuț Radu
100%
3 DF Spain Óscar Mingueza
100%
19 FW Sweden Williot Swedberg
100%
7 FW Spain Borja Iglesias
80%
2 DF Sweden Carl Starfelt
80%
1 GK Spain Iván Villar
80%
15 FW Spain Bryan Zaragoza
60%
- Coach Spain Claudio Giráldez
60%
14 MF Spain Damian Rodríguez
60%
9 FW Spain Ferran Jutglà
60%
11 FW Argentina Franco Cervi
60%
23 FW Spain Hugo Álvarez
60%
22 MF Spain Hugo Sotelo
60%
32 DF Spain Javi Rodríguez
60%
17 DF Spain Javi Rueda
60%
39 FW Morocco Jones El-Abdellaoui
60%
4 DF Ghana Joseph Aidoo
60%
20 DF Spain Marcos Alonso
60%
25 GK Spain Marc Vidal
60%
21 DF Serbia Mihailo Ristić
60%
18 FW Spain Pablo Durán
60%
5 DF Spain Sergio Carreira
60%
- DF Spain Unai Núñez
60%
29 MF Spain Yoel Lago
60%
24 DF Spain Carlos Domínguez
40%
- MF United States Luca de la Torre
40%
- FW Spain Carles Pérez
20%
- MF Spain Carlos Dotor
20%
12 DF Spain Manu Fernández
20%
16 MF Spain Miguel Román
20%
- FW Argentina Tadeo Allende
20%
- DF Spain Manu Sánchez
0%
No matching quizzes found
Score Distribution
Percent of People with Each Score
Percentile by Number Answered
Your Score History
You have not taken this quiz since the last reset